[Event "POL-ch Universities"]
[Site "Lublin"]
[Date "2024.02.24"]
[Round "8"]
[White "Bilczewski, Kacper"]
[Black "Szustakowski, Antoni"]
[Result "0-1"]
[WhiteElo "2139"]
[BlackElo "2354"]
[PlyCount "78"]
[EventDate "2024.02.23"]
[EventType "swiss"]
[EventRounds "9"]
[EventCountry "POL"]
[SourceTitle "CB10_2024"]
[SourceDate "2024.03.06"]
[SourceVersion "1"]
[SourceVersionDate "2024.03.06"]
[SourceQuality "1"]

1. e4 e6 2. d4 d5 3. Nc3 Nf6 4. Bg5 dxe4 5. Nxe4 Be7 6. Bxf6 gxf6 7. Nf3 a6 8. Qd2 f5 9. Nc3 Nd7 10. 0-0-0 Bf6 11. Bc4 b5 12. Bb3 Bb7 13. d5 e5 14. Rhe1 0-0 15. d6 c6 16. g4 b4 17. Na4 e4 18. gxf5 exf3 19. Rg1+ Kh8 20. Qh6 Rg8 21. Kb1 Rg2 22. Bxf7 Qf8 23. Qh5 c5 24. Be6 Bc6 25. Bxd7 Bxd7 26. Nxc5 Bc6 27. Ne6 Qg8 28. Rge1 Rxf2 29. Qh6 Bg7 30. Qf4 Re2 31. d7 Rxe1 32. Rxe1 Bxd7 33. Qxf3 Bxe6 34. fxe6 Re8 35. Qc6 Qf8 36. Qxa6 Qf6 37. c3 bxc3 38. Qb5 Qg6+ 39. Ka1 cxb2+ 0-1

[Event "Krakow op-A 34th"]
[Site "Krakow"]
[Date "2024.01.02"]
[Round "6"]
[White "Bilczewski, Kacper"]
[Black "Gbiorczyk, Mikolaj1"]
[Result "1-0"]
[WhiteElo "2125"]
[BlackElo "2137"]
[PlyCount "151"]
[EventDate "2023.12.27"]
[EventType "swiss"]
[EventRounds "9"]
[EventCountry "POL"]
[SourceTitle "CB02_2024"]
[SourceDate "2024.01.10"]
[SourceVersion "1"]
[SourceVersionDate "2024.01.10"]
[SourceQuality "1"]

1. e4 e5 2. Nf3 Nc6 3. Bc4 Nf6 4. d3 Bc5 5. c3 d6 6. 0-0 0-0 7. Nbd2 a6 8. Bb3 Ba7 9. Nc4 Ne7 10. Ne3 Ng6 11. Qc2 Be6 12. g3 Qd7 13. Bd2 h6 14. Rad1 c6 15. Bc1 d5 16. exd5 cxd5 17. d4 e4 18. Ne5 Qd6 19. f4 exf3 20. Nxg6 fxg6 21. Rxf3 Ne4 22. Rdf1 Rxf3 23. Rxf3 Re8 24. Rf1 Kh7 25. Qg2 Ng5 26. Rd1 Rf8 27. Kh1 Ne4 28. Rf1 Rxf1+ 29. Qxf1 Bb8 30. Ng2 g5 31. Bc2 Kg8 32. Kg1 b5 33. a3 Qc6 34. Bd3 Bd7 35. Ne3 a5 36. Qf3 Nf6 37. Nf5 Bxf5 38. Qxf5 b4 39. axb4 axb4 40. Bd2 Ba7 41. Qe5 Qe8 42. Qxe8+ Nxe8 43. Bg6 Nd6 44. Kf2 Nc4 45. Bc1 Kf8 46. Ke2 Ke7 47. Kd3 b3 48. Bh5 Bb8 49. Bd1 Na5 50. Ke3 Bd6 51. Kf3 g6 52. Be2 Kf6 53. h3 h5 54. g4 h4 55. Bb5 Bg3 56. Bd2 Bd6 57. c4 Nxc4 58. Bxc4 dxc4 59. Ke4 Bf4 60. Bb4 Bc1 61. Bc3 Ke6 62. d5+ Kd6 63. Kd4 Bf4 64. Kxc4 Be3 65. Bg7 Bc1 66. Bf8+ Ke5 67. d6 Ke6 68. Kxb3 Kd7 69. Be7 Kc6 70. Kc3 Be3 71. b3 Bc5 72. Kc4 Be3 73. b4 Bf2 74. b5+ Kd7 75. Kd5 Be3 76. Ke5 1-0

[Event "POL-chT 2nd League"]
[Site "Jastrzebia Gora"]
[Date "2023.09.10"]
[Round "9.9"]
[White "Syrkiewicz, Michal"]
[Black "Bilczewski, Kacper"]
[Result "0-1"]
[WhiteElo "2041"]
[BlackElo "2117"]
[PlyCount "74"]
[EventDate "2023.09.02"]
[EventType "team-swiss"]
[EventRounds "9"]
[EventCountry "POL"]
[SourceTitle "EXT 2024"]
[Source "ChessBase"]
[SourceDate "2023.10.10"]
[SourceVersion "1"]
[SourceVersionDate "2023.10.10"]
[SourceQuality "1"]
[WhiteTeam "Zielonka Zieloni"]
[BlackTeam "Krakow AGH"]
[WhiteTeamCountry "POL"]
[BlackTeamCountry "POL"]

1. e4 c5 2. Nf3 Nc6 3. Bb5 a6 4. Bxc6 dxc6 5. 0-0 Qc7 6. a4 a5 7. d4 cxd4 8. Qxd4 Nf6 9. Nc3 Bg4 10. e5 Rd8 11. Qf4 Bxf3 12. exf6 Qxf4 13. Bxf4 Bg4 14. fxe7 Bxe7 15. Rfe1 Be6 16. Ne4 0-0 17. Rad1 Rxd1 18. Rxd1 Rd8 19. Rxd8+ Bxd8 20. Bb8 b5 21. axb5 cxb5 22. Bd6 f5 23. Nd2 Bf6 24. c3 Bd5 25. f4 Kf7 26. Kf2 Ke6 27. Bc7 a4 28. Ba5 Be7 29. Bb6 g5 30. g3 gxf4 31. gxf4 b4 32. cxb4 Bf6 33. Ke3 Bxb2 34. Bd4 a3 35. Bxb2 axb2 36. Kd3 Be4+ 37. Nxe4 b1Q+ 0-1

[Event "POL-chT 2nd League"]
[Site "Jastrzebia Gora"]
[Date "2022.09.07"]
[Round "5.50"]
[White "Zareba, Radoslaw"]
[Black "Bilczewski, Kacper"]
[Result "1/2-1/2"]
[WhiteElo "2114"]
[BlackElo "2103"]
[PlyCount "33"]
[EventDate "2022.09.03"]
[EventType "team-swiss"]
[EventRounds "9"]
[EventCountry "POL"]
[SourceTitle "CBM 210 Extra"]
[Source "ChessBase"]
[SourceDate "2022.11.30"]
[SourceVersion "1"]
[SourceVersionDate "2022.11.30"]
[SourceQuality "1"]
[WhiteTeam "Wisznia Mala Bialy Krol"]
[BlackTeam "Rydultowy Ognisko"]
[WhiteTeamCountry "POL"]
[BlackTeamCountry "POL"]

1. g3 d5 2. Bg2 c6 3. c4 Nf6 4. Nf3 Bg4 5. cxd5 cxd5 6. Ne5 Bd7 7. 0-0 e6 8. Nc3 Be7 9. d4 0-0 10. Qb3 Qb6 11. Qxb6 axb6 12. e4 dxe4 13. Nxe4 Bb5 14. Rd1 Ba4 15. Rf1 Bb5 16. Rd1 Ba4 17. Rf1 1/2-1/2

[Event "POL-chT 2nd League"]
[Site "Poronin"]
[Date "2020.09.09"]
[Round "5.19"]
[White "Bilczewski, Kacper"]
[Black "Kosiorek, Marek"]
[Result "1/2-1/2"]
[WhiteElo "2101"]
[BlackElo "2223"]
[PlyCount "82"]
[EventDate "2020.09.05"]
[EventType "team-swiss"]
[EventRounds "9"]
[EventCountry "POL"]
[SourceTitle "CBM 198 Extra"]
[Source "ChessBase"]
[SourceDate "2020.11.30"]
[SourceVersion "1"]
[SourceVersionDate "2020.11.30"]
[SourceQuality "1"]
[WhiteTeam "Rydultowy Ognisko"]
[BlackTeam "Siedlce KSz Skoczek"]
[WhiteTeamCountry "POL"]
[BlackTeamCountry "POL"]

1. e4 c6 2. d4 d5 3. Nc3 dxe4 4. Nxe4 Nf6 5. Nxf6+ exf6 6. Nf3 Bd6 7. h3 0-0 8. Be2 Re8 9. 0-0 Nd7 10. c3 Nf8 11. Bd3 Bc7 12. b3 Qd6 13. a4 Be6 14. Ba3 Qd7 15. Bc2 Rad8 16. Qd3 g6 17. Rfe1 Bf5 18. Qd1 Rxe1+ 19. Nxe1 Bxc2 20. Qxc2 Ne6 21. Nd3 Bb8 22. Re1 Qc7 23. g3 Qd7 24. h4 f5 25. Nc5 Nxc5 26. Bxc5 Re8 27. Qd2 Rxe1+ 28. Qxe1 f4 29. Kh2 fxg3+ 30. fxg3 f5 31. Qe7 Qxe7 32. Bxe7 Kf7 33. Bg5 Ke6 34. c4 Bd6 35. Kg2 a6 36. Kf3 Bb4 37. Ke3 Be1 38. Bf4 Bb4 39. Kd3 Be1 40. Ke2 Bb4 41. Kd3 Be1 1/2-1/2

[Event "Ustron op-B"]
[Site "Ustron"]
[Date "2020.08.15"]
[Round "8"]
[White "Bilczewski, Kacper"]
[Black "Kulesza, Andrzej"]
[Result "1-0"]
[WhiteElo "2111"]
[BlackElo "1908"]
[PlyCount "153"]
[EventDate "2020.08.15"]
[EventType "swiss"]
[EventRounds "9"]
[EventCountry "POL"]
[SourceTitle "EXT 2021"]
[Source "ChessBase"]
[SourceDate "2020.10.23"]
[SourceVersion "1"]
[SourceVersionDate "2020.10.23"]
[SourceQuality "1"]

1. e4 c5 2. d3 Nc6 3. g3 g6 4. Bg2 Bg7 5. f4 e6 6. Nf3 Nge7 7. 0-0 0-0 8. c3 d5 9. Be3 dxe4 10. dxe4 Qxd1 11. Rxd1 b6 12. Na3 Ba6 13. e5 Nd5 14. Bf2 Rad8 15. Rd2 Nde7 16. Rad1 Rxd2 17. Rxd2 Rd8 18. Rxd8+ Nxd8 19. Nd2 g5 20. fxg5 Bxe5 21. Nac4 Bc7 22. Ne3 Bb7 23. Ne4 Ng6 24. Ng4 Bb8 25. Ngf6+ Kh8 26. Be3 Nc6 27. Nd7 Nge5 28. Nxb8 Nxb8 29. b3 Nbd7 30. h4 Kg7 31. Kf1 Bc6 32. Bf4 Kg6 33. Ke2 h6 34. gxh6 f5 35. h5+ Kh7 36. Ng5+ Kxh6 37. Nxe6+ Kxh5 38. Bh3 Kg6 39. Nc7 Be4 40. Ne8 Bb1 41. Nd6 Nf7 42. Nxf7 Kxf7 43. a3 Be4 44. Ke3 Nf6 45. Bb8 a6 46. c4 Bc2 47. b4 Nd7 48. Bc7 Kf6 49. Bf1 Be4 50. Kf4 Bc2 51. Be2 Bb1 52. Bf3 Bd3 53. Bd5 b5 54. Bd8+ Kg6 55. Bc6 Nf8 56. Be8+ Kg7 57. Ke3 cxb4 58. Kxd3 bxa3 59. Bc7 Kf6 60. Ba5 bxc4+ 61. Kxc4 a2 62. Bc3+ Kg5 63. Kb3 Kg4 64. Kxa2 Kxg3 65. Bb4 f4 66. Bxf8 f3 67. Bd6+ Kf2 68. Kb2 Ke1 69. Bb4+ Kf1 70. Kc2 f2 71. Kd2 Kg2 72. Bc6+ Kf1 73. Bb7 Kg1 74. Bc5 Kf1 75. Bxa6+ Kg2 76. Bb7+ Kf1 77. Bf3 1-0

[Event "Ustron op-B"]
[Site "Ustron"]
[Date "2020.08.15"]
[Round "3"]
[White "Bilczewski, Kacper"]
[Black "Miasik, Adrian"]
[Result "1/2-1/2"]
[WhiteElo "2111"]
[BlackElo "1919"]
[PlyCount "118"]
[EventDate "2020.08.15"]
[EventType "swiss"]
[EventRounds "9"]
[EventCountry "POL"]
[SourceTitle "EXT 2021"]
[Source "ChessBase"]
[SourceDate "2020.10.23"]
[SourceVersion "1"]
[SourceVersionDate "2020.10.23"]
[SourceQuality "1"]

1. e4 e5 2. Nf3 Nc6 3. Bc4 Bc5 4. c3 Qe7 5. d3 Nf6 6. 0-0 d6 7. b4 Bb6 8. a4 a6 9. Bb3 0-0 10. Nbd2 Be6 11. Nc4 Ba7 12. b5 Nb8 13. Ba3 Nbd7 14. bxa6 bxa6 15. Ba2 Bc5 16. Bc1 Rfe8 17. h3 h6 18. d4 Bxc4 19. Bxc4 exd4 20. cxd4 Bb4 21. Qb3 d5 22. exd5 Nb6 23. Bf4 Nxc4 24. Qxc4 Qe4 25. Bxc7 Nxd5 26. Bg3 a5 27. Rac1 Rac8 28. Qxc8 Rxc8 29. Rxc8+ Kh7 30. Rfc1 f6 31. Kh2 g5 32. Rd8 h5 33. Rcc8 Kg6 34. Rg8+ Kf5 35. Rce8 Qc2 36. Nxg5 fxg5 37. Re5+ Kf6 38. Rxd5 Bd2 39. Rf8+ Ke7 40. Rdf5 Qxa4 41. Bd6+ Ke6 42. Bc5 Kd7 43. R5f6 Bf4+ 44. g3 Qc2 45. R8f7+ Kd8 46. Rf8+ Kd7 47. Rxf4 gxf4 48. Rxf4 a4 49. Rf3 Qe2 50. Kg2 Qe4 51. g4 h4 52. Ba3 Ke6 53. Bc5 Kd5 54. g5 Kc4 55. g6 Qxg6+ 56. Kf1 Qb1+ 57. Ke2 Kd5 58. Re3 Qc2+ 59. Ke1 Qc1+ 1/2-1/2

[Event "Ustron op-B"]
[Site "Ustron"]
[Date "2020.08.15"]
[Round "6"]
[White "Bilczewski, Kacper"]
[Black "Panek, Bartosz"]
[Result "1-0"]
[WhiteElo "2111"]
[BlackElo "2005"]
[PlyCount "90"]
[EventDate "2020.08.15"]
[EventType "swiss"]
[EventRounds "9"]
[EventCountry "POL"]
[SourceTitle "EXT 2021"]
[Source "ChessBase"]
[SourceDate "2020.10.23"]
[SourceVersion "1"]
[SourceVersionDate "2020.10.23"]
[SourceQuality "1"]

1. e4 Nc6 2. Nf3 d6 3. d4 Nf6 4. Nc3 g6 5. h3 Bg7 6. Be2 a6 7. a4 0-0 8. 0-0 e5 9. dxe5 dxe5 10. Be3 Be6 11. Ng5 Nd4 12. Nxe6 Nxe6 13. Qxd8 Rfxd8 14. Rad1 Nd4 15. Bd3 Nd7 16. Rd2 Nc5 17. Bc4 Nde6 18. Rfd1 Nd4 19. f3 Nce6 20. Kf2 c6 21. a5 Bf6 22. g3 g5 23. Bxe6 fxe6 24. Ra1 Be7 25. Na4 c5 26. Nb6 Rab8 27. Nc4 Nc6 28. Rad1 Rf8 29. c3 h5 30. g4 h4 31. Rd7 Rf7 32. Ke2 Rbf8 33. Rf1 Rb8 34. Bg1 Bf8 35. Rxf7 Kxf7 36. Rd1 Ke8 37. Bh2 Bg7 38. Bg1 Bf8 39. Nd6+ Bxd6 40. Rxd6 Nxa5 41. Rxe6+ Kf7 42. Rxe5 Nc4 43. Rxg5 Nxb2 44. Rxc5 Na4 45. Rc7+ Kg6 1-0

[Event "Skalica op"]
[Site "Skalica"]
[Date "2019.08.31"]
[Round "9"]
[White "Bilczewski, Kacper"]
[Black "Kalisky, Vladimir"]
[Result "1-0"]
[WhiteElo "2116"]
[BlackElo "2179"]
[PlyCount "117"]
[EventDate "2019.08.25"]
[EventType "swiss"]
[EventRounds "9"]
[EventCountry "SVK"]
[SourceTitle "EXT 2020"]
[Source "ChessBase"]
[SourceDate "2019.10.17"]
[SourceVersion "1"]
[SourceVersionDate "2019.10.17"]
[SourceQuality "1"]

1. e4 e5 2. Nf3 Nc6 3. Bc4 Bc5 4. c3 Nf6 5. d3 d6 6. 0-0 h6 7. b4 Bb6 8. a4 a5 9. b5 Ne7 10. Bb3 0-0 11. Nbd2 c6 12. d4 exd4 13. cxd4 d5 14. e5 Ne4 15. Qe2 Bf5 16. Ba3 Nxd2 17. Qxd2 Qd7 18. bxc6 bxc6 19. Rac1 Rfc8 20. Rfd1 Ng6 21. Bc5 Bd8 22. Ba2 Bg4 23. Rc3 Bg5 24. Qc2 Bf5 25. Qe2 Nf4 26. Qf1 Rcb8 27. Nxg5 hxg5 28. Ba3 Rb6 29. Qe1 Rab8 30. Rg3 Rb2 31. Bxb2 Rxb2 32. Rd2 Qb7 33. Qc1 Ne2+ 34. Rxe2 Rxe2 35. Rb3 Qa7 36. Rb2 Rxb2 37. Qxb2 g6 38. h3 Kg7 39. Qc3 Qb6 40. Bb3 Qb4 41. Qxb4 axb4 42. Kf1 Bd3+ 43. Ke1 Kf8 44. Kd2 Bf1 45. a5 Ke7 46. Bd1 Kd8 47. Kc2 Bc4 48. Bg4 Kc7 49. g3 c5 50. dxc5 Kc6 51. e6 fxe6 52. Bxe6 Kxc5 53. Bf7 b3+ 54. Kb2 Kb5 55. Bxg6 Kxa5 56. h4 gxh4 57. gxh4 Be2 58. Kxb3 Kb5 59. h5 1-0

[Event "Skalica op"]
[Site "Skalica"]
[Date "2019.08.29"]
[Round "6"]
[White "Skalsky, Alexandr"]
[Black "Bilczewski, Kacper"]
[Result "1/2-1/2"]
[WhiteElo "2128"]
[BlackElo "2116"]
[PlyCount "99"]
[EventDate "2019.08.25"]
[EventType "swiss"]
[EventRounds "9"]
[EventCountry "SVK"]
[SourceTitle "EXT 2020"]
[Source "ChessBase"]
[SourceDate "2019.10.17"]
[SourceVersion "1"]
[SourceVersionDate "2019.10.17"]
[SourceQuality "1"]

1. e4 e6 2. d4 d5 3. Nc3 Nf6 4. e5 Nfd7 5. Nce2 c5 6. c3 Nc6 7. Nf3 Be7 8. a3 c4 9. g3 Na5 10. Rb1 Nb3 11. Be3 b5 12. Nd2 Nxd2 13. Bxd2 a5 14. f4 f5 15. g4 g6 16. gxf5 exf5 17. Bg2 Nf8 18. 0-0 a4 19. Ng3 Qd7 20. Re1 Qe6 21. Nf1 Bb7 22. Ne3 0-0-0 23. Rf1 Qd7 24. Qf3 Ne6 25. Qh3 Rdf8 26. Rf3 Kb8 27. Nc2 Bd8 28. Qg3 Rhg8 29. Qf2 Be7 30. Kf1 h6 31. Ke2 g5 32. Rf1 g4 33. Re3 Qd8 34. Kd1 h5 35. Be1 Nxf4 36. Qxf4 Bg5 37. Qf2 f4 38. Rf3 Qd7 39. Qe2 Qf5 40. R3f2 Qg6 41. Bd2 f3 42. Bxf3 gxf3 43. Rxf3 Rxf3 44. Qxf3 Bc8 45. h3 Bxd2 46. Kxd2 Qg2+ 47. Rf2 Qxf3 48. Rxf3 Rg2+ 49. Kd1 Be6 50. Rf6 1/2-1/2

[Event "Skalica op"]
[Site "Skalica"]
[Date "2019.08.28"]
[Round "5"]
[White "Bilczewski, Kacper"]
[Black "Kantorik, Marian"]
[Result "1/2-1/2"]
[WhiteElo "2116"]
[BlackElo "2164"]
[PlyCount "34"]
[EventDate "2019.08.25"]
[EventType "swiss"]
[EventRounds "9"]
[EventCountry "SVK"]
[SourceTitle "EXT 2020"]
[Source "ChessBase"]
[SourceDate "2019.10.17"]
[SourceVersion "1"]
[SourceVersionDate "2019.10.17"]
[SourceQuality "1"]

1. e4 Nf6 2. e5 Nd5 3. c4 Nb6 4. c5 Nd5 5. Nc3 e6 6. d4 d6 7. cxd6 cxd6 8. f4 dxe5 9. fxe5 Qh4+ 10. Ke2 Nc6 11. Nf3 Qd8 12. Kf2 Be7 13. Bc4 0-0 14. Re1 f6 15. Kg1 fxe5 16. dxe5 Bc5+ 17. Kh1 Nxc3 1/2-1/2

[Event "Skalica op"]
[Site "Skalica"]
[Date "2019.08.27"]
[Round "4"]
[White "Benes, Miroslav"]
[Black "Bilczewski, Kacper"]
[Result "0-1"]
[WhiteElo "2107"]
[BlackElo "2116"]
[PlyCount "116"]
[EventDate "2019.08.25"]
[EventType "swiss"]
[EventRounds "9"]
[EventCountry "SVK"]
[SourceTitle "EXT 2020"]
[Source "ChessBase"]
[SourceDate "2019.10.17"]
[SourceVersion "1"]
[SourceVersionDate "2019.10.17"]
[SourceQuality "1"]

1. c4 c6 2. Nf3 d5 3. d4 Nf6 4. Nc3 e6 5. e3 Nbd7 6. Qc2 Bd6 7. g4 dxc4 8. Bxc4 Qe7 9. Bd2 Nb6 10. Bd3 Nbd5 11. a3 Nxc3 12. Bxc3 Nd5 13. Bd2 Bd7 14. Ne5 Bxe5 15. dxe5 Qg5 16. 0-0-0 Qxe5 17. e4 Nf4 18. Bc3 Qg5 19. Kb1 e5 20. h4 Qf6 21. Bc4 0-0-0 22. g5 Qe7 23. Bb4 c5 24. Bd5 b6 25. Bb3 Be6 26. Bc3 Bxb3 27. Qxb3 Rxd1+ 28. Rxd1 Rd8 29. Rxd8+ Kxd8 30. a4 Kc7 31. a5 Ne2 32. a6 Nxc3+ 33. bxc3 Qe6 34. c4 Qd7 35. Qf3 b5 36. Qc3 Qd1+ 37. Ka2 Qa4+ 38. Kb2 Qb4+ 39. Qxb4 cxb4 40. Kb3 bxc4+ 41. Kxc4 Kb6 42. Kxb4 Kxa6 43. Kc5 Ka5 44. h5 h6 45. gxh6 gxh6 46. Kd5 Kb4 47. Kxe5 a5 48. Kf6 a4 49. e5 a3 50. Kxf7 a2 51. e6 a1Q 52. e7 Qa2+ 53. Kg7 Qe6 54. Kf8 Qf6+ 55. Ke8 Kc5 56. Kd7 Qc6+ 57. Kd8 Kd6 58. e8N+ Ke6 0-1

[Event "Baltic Cup 3rd"]
[Site "Darlowko"]
[Date "2019.06.24"]
[Round "3"]
[White "Bilczewski, Kacper"]
[Black "Kaczmarek, Arkadiusz"]
[Result "1/2-1/2"]
[WhiteElo "2151"]
[BlackElo "1973"]
[PlyCount "74"]
[EventDate "2019.06.23"]
[EventType "swiss"]
[EventRounds "9"]
[EventCountry "POL"]
[SourceTitle "CBM 191 Extra"]
[Source "ChessBase"]
[SourceDate "2019.09.30"]
[SourceVersion "1"]
[SourceVersionDate "2019.09.30"]
[SourceQuality "1"]

1. e4 d5 2. exd5 Nf6 3. d4 Nxd5 4. c4 Nb6 5. Nf3 g6 6. h3 Bg7 7. Nc3 0-0 8. Be2 Nc6 9. Be3 e5 10. d5 Ne7 11. 0-0 Nf5 12. Bg5 f6 13. Bc1 c5 14. Ne4 Nd6 15. Nxd6 Qxd6 16. Bd2 e4 17. Ne1 f5 18. Qc2 Nd7 19. f4 Bd4+ 20. Kh1 Kh8 21. Bc3 b6 22. Qd2 Qf6 23. Nc2 Bxc3 24. bxc3 Qd6 25. Ne3 Ba6 26. a4 g5 27. g3 gxf4 28. gxf4 Qh6 29. Kh2 Rf6 30. Qe1 Rg8 31. Qf2 Nf8 32. Rg1 Ng6 33. Raf1 Bc8 34. Rg5 Bd7 35. Bd1 Rgf8 36. Rfg1 Rd6 37. Qg3 Bc8 1/2-1/2

[Event "Rubinstein Memorial-A 54th"]
[Site "Polanica Zdroj"]
[Date "2018.08.25"]
[Round "8"]
[White "Bilczewski, Kacper"]
[Black "Sanz Wawer, Daniel"]
[Result "0-1"]
[WhiteElo "2089"]
[BlackElo "2180"]
[PlyCount "84"]
[EventDate "2018.08.18"]
[EventType "swiss"]
[EventRounds "9"]
[EventCountry "POL"]
[SourceTitle "CBM 186 Extra"]
[Source "ChessBase"]
[SourceDate "2018.08.24"]
[SourceVersion "1"]
[SourceVersionDate "2018.08.24"]
[SourceQuality "1"]

1. e4 c6 2. d4 d5 3. Nc3 dxe4 4. Nxe4 Bf5 5. Ng3 Bg6 6. Nh3 Nf6 7. Nf4 e5 8. Nxg6 hxg6 9. Be3 Nbd7 10. dxe5 Qa5+ 11. Bd2 Qxe5+ 12. Qe2 0-0-0 13. 0-0-0 Bc5 14. Qf3 Qe6 15. Kb1 Ne5 16. Qf4 Rd4 17. Qe3 Rhd8 18. Be2 Qd5 19. Bc1 Rxd1 20. Rxd1 Bxe3 21. Rxd5 Nxd5 22. fxe3 Re8 23. c4 Nf6 24. h3 Ned7 25. Bf3 Nc5 26. Kc2 Nce4 27. Ne2 Ng5 28. Nd4 Nxf3 29. Nxf3 Ne4 30. b3 g5 31. Bb2 f6 32. Nd4 g6 33. Kd3 g4 34. hxg4 Nf2+ 35. Ke2 Nxg4 36. Nc2 Kd7 37. Bd4 a6 38. Nb4 Ne5 39. Bc5 a5 40. Nc2 a4 41. Nd4 axb3 42. axb3 Ra8 0-1

[Event "POL-chT U20 1st League"]
[Site "Kudowa Zdroj"]
[Date "2018.07.29"]
[Round "9.13"]
[White "Woloch, Oskar"]
[Black "Bilczewski, Kacper"]
[Result "0-1"]
[WhiteElo "2137"]
[BlackElo "2093"]
[PlyCount "98"]
[EventDate "2018.07.21"]
[EventType "team-tourn"]
[EventRounds "9"]
[EventCountry "POL"]
[SourceTitle "CBM 186 Extra"]
[Source "ChessBase"]
[SourceDate "2018.08.24"]
[SourceVersion "1"]
[SourceVersionDate "2018.08.24"]
[SourceQuality "1"]

1. e4 e6 2. d3 b6 3. Nd2 Bb7 4. f4 d5 5. Ngf3 Nf6 6. e5 Nfd7 7. g3 c5 8. Bg2 Nc6 9. 0-0 Qc7 10. c3 0-0-0 11. Qe2 Be7 12. Re1 h6 13. Nf1 Rdg8 14. g4 g5 15. h3 h5 16. fxg5 hxg4 17. hxg4 Nf8 18. Ng3 Nh7 19. Bf4 Nxg5 20. Qe3 Nh3+ 21. Bxh3 Rxh3 22. Kg2 Rh7 23. g5 Rgh8 24. Rh1 Qd8 25. Rh6 Bf8 26. Rxh7 Rxh7 27. Qe2 Be7 28. Rh1 Rxh1 29. Kxh1 Qh8+ 30. Kg1 Qh7 31. Ne1 Bd8 32. Qh5 Qxh5 33. Nxh5 Bc7 34. Nf3 Ba6 35. Kf2 Bxd3 36. Nf6 Bf5 37. Ke3 b5 38. Ne8 Bg4 39. Nh2 Bh5 40. Nf6 Bg6 41. Nhg4 Kd8 42. a3 Na5 43. b4 Nc4+ 44. Ke2 Nxa3 45. bxc5 Nc4 46. c6 a5 47. Nd7 a4 48. Ne3 a3 49. Nxc4 a2 0-1

[Event "POL-chT U20 1st League"]
[Site "Kudowa Zdroj"]
[Date "2018.07.26"]
[Round "6.25"]
[White "Bilczewski, Kacper"]
[Black "Teclaf, Pawel"]
[Result "0-1"]
[WhiteElo "2093"]
[BlackElo "2399"]
[PlyCount "94"]
[EventDate "2018.07.21"]
[EventType "team-tourn"]
[EventRounds "9"]
[EventCountry "POL"]
[SourceTitle "CBM 186 Extra"]
[Source "ChessBase"]
[SourceDate "2018.08.24"]
[SourceVersion "1"]
[SourceVersionDate "2018.08.24"]
[SourceQuality "1"]

1. e4 c6 2. d4 d5 3. Nc3 dxe4 4. Nxe4 Bf5 5. Ng3 Bg6 6. Nh3 e6 7. Nf4 Bd6 8. c3 Nf6 9. Qf3 Nd5 10. Nxg6 hxg6 11. Ne4 Be7 12. h3 Nd7 13. Qg3 N7f6 14. Bd3 Nxe4 15. Bxe4 Bd6 16. Qf3 Bc7 17. Bd2 Qf6 18. 0-0-0 0-0-0 19. g3 Bb6 20. Qe2 Qe7 21. h4 c5 22. Qc4 Kb8 23. Rhe1 Qc7 24. Qb3 Ka8 25. c4 cxd4 26. Kb1 Nf6 27. Bf4 Qc8 28. Bg2 Nd7 29. Qb5 Rh5 30. Bg5 f6 31. g4 Rhh8 32. Bd2 Qc5 33. Qa6 Qc7 34. b4 Nb8 35. Qb5 a6 36. Qa4 Qxc4 37. Qa3 d3 38. Rc1 Qxg4 39. Be4 f5 40. Bh1 Rxh4 41. Rxe6 Rxh1 42. Rxh1 Bxf2 43. Rc1 f4 44. Re7 Be3 45. Qa5 Rc8 46. Qd5 Nc6 47. b5 Nxe7 0-1

[Event "Rubinstein Memorial-A 53rd"]
[Site "Polanica Zdroj"]
[Date "2017.08.27"]
[Round "9"]
[White "Bilczewski, Kacper"]
[Black "Warakomski, Tomasz"]
[Result "0-1"]
[WhiteElo "2191"]
[BlackElo "2536"]
[PlyCount "70"]
[EventDate "2017.08.19"]
[EventType "swiss"]
[EventRounds "9"]
[EventCountry "POL"]
[SourceTitle "CBM 180 Extra"]
[Source "ChessBase"]
[SourceDate "2017.10.06"]
[SourceVersion "1"]
[SourceVersionDate "2017.10.06"]
[SourceQuality "1"]

1. e4 c6 2. Nc3 d5 3. Qf3 dxe4 4. Nxe4 e6 5. c3 c5 6. Bc4 Nc6 7. Qg3 Nh6 8. Qg5 Qxg5 9. Nxg5 Nf5 10. N1f3 Nd6 11. Bd3 f5 12. Nh3 e5 13. Bc2 c4 14. b3 e4 15. Nfg1 Ne5 16. Ne2 Nd3+ 17. Bxd3 cxd3 18. Nd4 Nf7 19. Nb5 Kd8 20. Ba3 Bxa3 21. Nxa3 Bd7 22. Nc4 g5 23. 0-0-0 b5 24. Na5 f4 25. Kb2 f3 26. Rhe1 fxg2 27. Ng1 Nd6 28. f3 Rf8 29. Re3 exf3 30. Nxf3 Rxf3 31. Rxf3 Bg4 32. Rf8+ Kd7 33. Rg1 Rxf8 34. Rxg2 h5 35. h3 Bxh3 0-1

[Event "Rubinstein Memorial-A 53rd"]
[Site "Polanica Zdroj"]
[Date "2017.08.26"]
[Round "8"]
[White "Bilczewski, Kacper"]
[Black "Kowalczyk, Rafal"]
[Result "1-0"]
[WhiteElo "2191"]
[BlackElo "2222"]
[PlyCount "83"]
[EventDate "2017.08.19"]
[EventType "swiss"]
[EventRounds "9"]
[EventCountry "POL"]
[SourceTitle "CBM 180 Extra"]
[Source "ChessBase"]
[SourceDate "2017.10.06"]
[SourceVersion "1"]
[SourceVersionDate "2017.10.06"]
[SourceQuality "1"]

1. e4 e5 2. Nf3 Nc6 3. Bc4 Bc5 4. c3 Nf6 5. d3 d6 6. 0-0 a6 7. a4 Ba7 8. b4 0-0 9. Qb3 Ne7 10. Bg5 Ng6 11. Nh4 Nf4 12. Bxf4 exf4 13. Nf3 b5 14. Bd5 Nxd5 15. Qxd5 Be6 16. Qh5 h6 17. axb5 axb5 18. Nbd2 c5 19. bxc5 dxc5 20. d4 b4 21. d5 bxc3 22. Nc4 Bd7 23. Rfc1 Bb6 24. Rxa8 Qxa8 25. Nfe5 Bb5 26. Nxb6 Qa3 27. Qd1 Rb8 28. Nbc4 Qb4 29. Rb1 Ba4 30. Rxb4 Rxb4 31. Qc1 f6 32. Na3 Rd4 33. Kf1 Rd1+ 34. Qxd1 Bxd1 35. Ke1 c2 36. Nd3 Kf7 37. Kd2 f3 38. g3 Ke7 39. Nxc2 Be2 40. Nxc5 Kd6 41. Nd3 Bf1 42. Nd4 1-0

[Event "Rubinstein Memorial-A 53rd"]
[Site "Polanica Zdroj"]
[Date "2017.08.25"]
[Round "7"]
[White "Shishkin, Vadim"]
[Black "Bilczewski, Kacper"]
[Result "1-0"]
[WhiteElo "2454"]
[BlackElo "2191"]
[PlyCount "53"]
[EventDate "2017.08.19"]
[EventType "swiss"]
[EventRounds "9"]
[EventCountry "POL"]
[SourceTitle "CBM 180 Extra"]
[Source "ChessBase"]
[SourceDate "2017.10.06"]
[SourceVersion "1"]
[SourceVersionDate "2017.10.06"]
[SourceQuality "1"]

1. d4 d5 2. c4 c6 3. Nf3 Nf6 4. e3 e6 5. b3 Nbd7 6. Bb2 Bd6 7. Bd3 0-0 8. 0-0 Qe7 9. Nbd2 e5 10. e4 dxe4 11. Nxe4 Nxe4 12. Bxe4 f5 13. dxe5 Nxe5 14. Bxe5 Bxe5 15. Bd5+ cxd5 16. Qxd5+ Be6 17. Qxe5 Rae8 18. Rfe1 Qb4 19. Qd4 a6 20. Re5 Bc8 21. Rae1 Rd8 22. Rd5 Rxd5 23. Qxd5+ Kh8 24. h4 f4 25. c5 Bg4 26. Re7 Bxf3 27. Qf7 1-0